Sondáž nezávislej hudobnej kultúry na Slovensku

Saved in:
Bibliographic Details
Main Author Fujak, Július, 1966- (Author)
Format Book
LanguageSlovak
Published Nitra : Univerzita Konštantína Filozofa v Nitre, Filozofická fakulta, Katedra kuturológie, 2021
EditionVydanie: prvé
SeriesNavzdory
Subjects
ISBN978-80-558-1658-6
Physical Description234 stran : ilustrace (převážně barevné), portréty ; 21 cm

Cover

LEADER 00000nam a2200000 i 4500
001 115479
003 CZ ZlUTB
005 20260410094041.0
007 ta
008 260410s2021 xo ac e 001 0 slo d
020 |a 978-80-558-1658-6  |q (brožováno) 
040 |a ZLD002  |b cze  |e rda 
041 0 |a slo  |b eng 
043 |a e-xo--- 
072 7 |a 78  |x Hudba  |2 Konspekt  |9 9 
080 |a 78  |2 MRF 
080 |a 78.071.1/.2  |2 MRF 
080 |a 78.071.1  |2 MRF 
080 |a 785.16.071  |2 MRF 
080 |a 78-028.82  |2 MRF 
080 |a (437.6)  |2 MRF 
080 |a (048.8)  |2 MRF 
100 1 |a Fujak, Július,  |d 1966-  |7 pna2011639928  |4 aut 
245 1 0 |a Sondáž nezávislej hudobnej kultúry na Slovensku /  |c Július Fujak 
250 |a Vydanie: prvé 
264 1 |a Nitra :  |b Univerzita Konštantína Filozofa v Nitre, Filozofická fakulta, Katedra kuturológie,  |c 2021 
300 |a 234 stran :  |b ilustrace (převážně barevné), portréty ;  |c 21 cm 
336 |a text  |b txt  |2 rdacontent 
337 |a bez média  |b n  |2 rdamedia 
338 |a svazek  |b nc  |2 rdacarrier 
490 1 |a Navzdory 
504 |a Obsahuje bibliografii a rejstřík 
546 |a Anglické resumé 
650 0 7 |a hudba  |7 ph114719  |2 czenas 
650 0 7 |a hudebníci  |7 ph117204  |2 czenas 
650 0 7 |a hudební skladatelé  |7 ph120923  |2 czenas 
650 0 7 |a hudební skupiny  |7 ph120924  |2 czenas 
650 0 7 |a alternativní kultura  |7 ph118632  |2 czenas 
650 0 9 |a music  |2 eczenas 
650 0 9 |a musicians  |2 eczenas 
650 0 9 |a composers  |2 eczenas 
650 0 9 |a musical groups  |2 eczenas 
650 0 9 |a alternative music  |2 eczenas 
651 7 |a Slovensko  |7 ge128580  |2 czenas 
651 9 |a Slovakia  |2 eczenas 
655 7 |a monografie  |7 fd132842  |2 czenas 
655 9 |a monographs  |2 eczenas 
710 2 |a Univerzita Konštantína Filozofa.  |b Katedra kulturológie  |7 mzk2003200735  |4 isb 
830 0 |a Navzdory 
910 |a ZLD002 
942 |2 udc 
952 |0 0  |1 0  |4 0  |5 0  |6 78FUJAKJ  |7 0  |8 BOOK  |9 190737  |a UTBZL  |b UTBZL  |c 006  |d 2026-04-10  |l 0  |o 78/FUJAK,J.  |p 420010201955  |r 2026-04-10 09:33:28  |v 259.00  |w 2026-04-10  |x N: dar  |y 04 
992 |b SKNEW 
999 |c 115479  |d 115479